000 00254nam a22001217a 4500
008 170703b xxu||||| |||| 00| 0 eng d
041 _aeng
080 _a82
100 _a22
101 _aGJL
245 _aCRITICISM
_cWASSERMAN, R.R.M
942 _2udc
_cBK
999 _c19859
_d19859